Quiz sul Ciad - Statistics

Statistiche generali
  • Questo quiz è stato fatto 412 volte
  • Il punteggio medio è 14 su 19
Statistiche sulle risposte
Hint Risposta % Corretto
Deserto che copre la parte settentrionale del paese Sahara
97%
Francese
96%
Sudan
93%
Niger
92%
Libia
89%
Nigeria
87%
Paese europeo la cui bandiera è quasi identica a quella del Ciad Romania
86%
Repubblica Centrafricana
83%
Capitale N'Djamena
78%
Lingue ufficiali Arabo
76%
Tra i paesi senza sbocco sul mare il Ciad è il terzo per estensione. Nomina uno dei due Paesi che lo precedono in questa classifica Kazakistan | Mongolia
76%
Paesi che confinano col Ciad Camerun
75%
Questa risorsa rappresenta il 96% delle esportazioni del Ciad Petrolio
74%
Il paese del Ciad prende il nome da un______ Lago
65%
Il più grande settore dell'economia ciadiana Agricoltura
63%
Fascia semi-desertica che si trova nella zona sud del paese Sahel
55%
Un terzo della popolazione appartiene a questo gruppo etnico (è anche un nome di donna, 4 lettere) Sara
33%
Tipo di matrimonio che riguarda il 39% delle donne in Ciad Poligamia
23%
Nome dato all'ominide i cui resti furono rinvenuti in Ciad nel 2001 e considerato tra i primi antenati dell'uomo. T{oumai}
16%
Nessun quiz corrispondente trovato
Distribuzione punteggi
Percentuale di utenti per punteggio
Percentile per numero di risposta
I tuoi punteggi nel tempo
Non hai fatto questo quiz